01358nam a2200325Ia 4500001001200000003000800012006001900020007001500039008004100054010001700095020002800112020003100140040002100171035002100192050002600213100002000239245009900259260006400358300001600422504005100438533015200489650004900641650005900690651004900749651004700798655002900845710001700874856012600891999001501017ebr10273838CaPaEBRm u cr cn|||||||||080725s2009 enk sb 001 0 eng d z 2008031806 z0754675556 (alk. paper) z9780754675556 (alk. paper) aCaPaEBRcCaPaEBR a(OCoLC)32234997214aJZ1570.A5bG37 2009eb1 aGariup, Monica.10aEuropean security cultureh[electronic resource] :blanguage, theory, policy /cMonica Gariup. aFarnham, England ;aBurlington, VT :bAshgate Pub.,cc2009. axiv, 334 p. aIncludes bibliographical references and index. aElectronic reproduction.bPalo Alto, Calif. :cebrary,d2009.nAvailable via World Wide Web.nAccess may be limited to ebrary affiliated libraries. 0aNational securityzEuropean Union countries. 0aRhetoricxPolitical aspectszEuropean Union countries. 0aEuropean Union countriesxForeign relations. 0aEuropean Union countriesxMilitary policy. 7aElectronic books.2local2 aebrary, Inc.40uhttp://site.ebrary.com/lib/rucke/Doc?id=10273838zAn electronic book accessible through the World Wide Web; click to view c6421d6421